Statistiques concernant Personnages bibliques par anecdotes gênantes

Cliquez ici pour prendre le quiz!

Statistiques générales

  • Ce quiz a été pris 36 fois
  • Le résultat moyen est 3 sur 12

Statistiques - réponses

HintRéponse% Correct
Il avait 700 épouses et 300 concubines.Salomon
53%
Il a fait passer sa femme pour sa sœur ; puis il a laissé le Pharaon l'épouser.Abraham
37%
Il s'est enivré puis déshabillé devant son fils. Une fois sobre, il a maudit son petit-fils.Noé
33%
Victime d'une escroquerie, il s'est trompé de femme pendant la nuit de noces.Jacob
27%
Il avait deux papas, nommés respectivement Jacob et Héli.Joseph
27%
Il a participé à un concours de « qui c'est qui a le plus gros » (serpent).Moïse
20%
Il a massacré les amis de sa femme parce qu'ils avaient triché aux devinettes.Samson
20%
Il a maudit un figuier parce qu'il était frustré de ne pas y trouver de figues.Jésus
17%
Il n'assumait pas d'être vu à manger avec ses compagnons, et s'est esquivé de table.Pierre
17%
Il s'est enfui de chez lui par la fenêtre ; sa femme a caché un vase sous la couette pour donner le change.David
13%
Il a envoyé deux ourses dévorer des enfants qui se moquaient de lui.Élisée
13%
Il a couché avec une prostituée, qui s'est avéré être sa belle-fille déguisée.Juda (fils d'Israël)
13%

Distribution des résultats

Percentile par nombre de réponses

% des personnes avec chaque résultat

Votre développement - résultats

Vous n’avez pas pris ce quiz